Sportmedizin Arbeits und Trainingsgrundlagen
Guardat en:
| Autors principals: | , |
|---|---|
| Format: | Llibre |
| Idioma: | alemany |
| Publicat: |
Stuttgart
F.K. Schattauer
1980
|
| Matèries: | |
| Etiquetes: |
Afegir etiqueta
Sense etiquetes, Sigues el primer a etiquetar aquest registre!
|
MARC
| LEADER | 00000nam a2200000 a 4500 | ||
|---|---|---|---|
| 001 | UCU1421 | ||
| 003 | CL-VaPUC | ||
| 008 | 960404e19800000GW |||||||||||||||||ger|d | ||
| 082 | 0 | 4 | |a 617.102 |b HOL |2 21 |
| 100 | 0 | |a Hollmann, Wildor |e author |9 357086 | |
| 700 | 0 | |a Hettinger, Theodor |e author |9 357087 | |
| 245 | 1 | 0 | |a Sportmedizin Arbeits und Trainingsgrundlagen |
| 300 | |a 792 p | ||
| 942 | |c BK | ||
| 945 | |d 19960404 00:00:00 |a paguirre | ||
| 260 | |a Stuttgart |b F.K. Schattauer |c 1980 | ||
| 650 | 7 | |a DEPORTE |2 CL-VaPUC |9 357088 | |
| 650 | 7 | |a CIENCIAS MEDICAS |2 CL-VaPUC |9 337221 | |
| 650 | 0 | |a Medicina deportiva |9 307562 | |
| 583 | |a last modification |c 19960404 00:00:00 |k Rodrigo Vera | ||
| 999 | |c 246059 |d 246057 | ||
| 952 | |0 0 |1 0 |4 0 |6 617_102000000000000_HOL_1980 |7 0 |8 P |9 260792 |a BIBEDU |b BIBEDU |c BIBEDU_PB |d 2019-11-19 |i 2014718 |o 617.102 HOL 1980 |p 2014718 |r 2024-01-25 |w 2019-11-19 |y BK |k EDU | ||